[Event "ROM-ch U14"]
[Site "Calimanesti Caciulata"]
[Date "2019.04.17"]
[Round "3"]
[White "Ivascu, Eric Nicolas"]
[Black "Grosu, Tudor"]
[Result "0-1"]
[WhiteElo "1001"]
[BlackElo "1114"]
[PlyCount "80"]
[EventDate "2019.04.15"]
[EventType "swiss"]
[EventRounds "9"]
[EventCountry "ROU"]
[SourceTitle "CBM 190 Extra"]
[Source "ChessBase"]
[SourceDate "2019.07.15"]
[SourceVersion "1"]
[SourceVersionDate "2019.07.15"]
[SourceQuality "1"]

1. e4 e5 2. Bb5 Ne7 3. Nf3 Nbc6 4. Bxc6 Nxc6 5. d3 h6 6. a3 Bc5 7. b4 Bb6 8. c4 Bd4 9. Nxd4 Nxd4 10. Be3 c6 11. c5 d6 12. Bxd4 exd4 13. cxd6 Qxd6 14. Nd2 0-0 15. Nc4 Qg6 16. g3 Bh3 17. Nd2 Rfe8 18. Nf3 Bg4 19. h3 Bxf3 20. Qxf3 f5 21. Qd1 fxe4 22. Qb3+ Kh8 23. 0-0-0 e3 24. Qc2 Qg5 25. h4 Qg4 26. Rhe1 Qf3 27. Kb2 Qxf2 28. Qxf2 exf2 29. Rf1 Re2+ 30. Kc1 Rae8 31. Rd2 Re1+ 32. Rd1 Rxf1 33. Rxf1 Re1+ 34. Rxe1 fxe1Q+ 35. Kb2 Qc3+ 36. Ka2 Qxd3 37. b5 Qc3 38. bxc6 bxc6 39. Kb1 d3 40. Ka2 d2 0-1

[Event "ROM-ch U12"]
[Site "Calimanesti"]
[Date "2018.04.03"]
[Round "9"]
[White "Feraru, David"]
[Black "Ivascu, Eric Nicolas"]
[Result "1-0"]
[WhiteElo "1001"]
[BlackElo "1006"]
[PlyCount "25"]
[EventDate "2018.03.27"]
[EventType "swiss"]
[EventRounds "9"]
[EventCountry "ROU"]
[SourceTitle "CBM 183 Extra"]
[Source "ChessBase"]
[SourceDate "2018.04.19"]
[SourceVersion "1"]
[SourceVersionDate "2018.04.19"]
[SourceQuality "1"]

1. e4 e5 2. Nf3 d6 3. Bc4 Bg4 4. c3 Nf6 5. d3 Bxf3 6. Qxf3 h6 7. 0-0 a6 8. d4 exd4 9. cxd4 b5 10. Bb3 Nc6 11. Be3 Na7 12. e5 Nd7 13. Qxf7# 1-0